| 000 | 00566cam a2200193ua 4500 | ||
|---|---|---|---|
| 001 | 3423 | ||
| 005 | 20260515113657.0 | ||
| 008 | 111111n ii |||gr||||Z||||||asm | ||
| 040 | _cMAIN | ||
| 082 | _a891.4514 | ||
| 100 |
_aMahanta, Bipul Kumar, _eEdited. |
||
| 245 | 1 | 1 |
_aAsamiya bhasa sahitya aru sanskriti sanchayan _ced. by Bipul Kumar Mahanta |
| 250 | _a1st. | ||
| 260 |
_aGuwahati: _bLawyers book stall,996. |
||
| 300 |
_a408p: _c23cm. |
||
| 653 | _aAssamese literature and language | ||
| 653 | _aAssamiya bhasa sahitya aru sanskriti sanchayan | ||
| 942 | _cBK | ||
| 999 |
_c3265 _d3265 |
||